Statistiques concernant Les lanternes rouges de Division 1 puis de Ligue 1 depuis la saison 1945-1946

Cliquez ici pour prendre le quiz!

Statistiques générales

  • Ce quiz a été pris 348 fois
  • Le résultat moyen est 51 sur 71

Statistiques - réponses

AnnéeLanterne Rouge% Correct
1989RC Lens
94%
2015RC Lens
94%
1962FC Metz
90%
1950FC Metz
90%
2008FC Metz
90%
2006FC Metz
90%
2007FC Nantes
90%
1952RC Strasbourg
90%
2001RC Strasbourg
90%
1980Stade Brestois
89%
2013Stade Brestois 29
89%
1999Toulouse FC
89%
1960FC Girondins de Bordeaux
87%
1991Stade Rennais FC
87%
1987Stade Rennais FC
87%
1977Stade Rennais FC
87%
1984Stade Rennais FC
87%
1992AS Nancy-Lorraine
86%
1957FC Nancy
85%
1964OGC Nice
85%
1969OGC Nice
85%
1997OGC Nice
85%
1979Stade de Reims
85%
2012AJ Auxerre
84%
1961AS Troyes-Sainte-Savine
84%
1956AS Troyes-Sainte-Savine
84%
2003ES Troyes AC
84%
2016ES Troyes AC
84%
1985RC Paris
84%
2002FC Lorient
83%
1973AC Ajaccio
82%
2014AC Ajaccio
82%
2004Montpellier HSC
82%
2000Montpellier HSC
82%
1982Montpellier PSC
82%
1963Olympique de Marseille
82%
1959Olympique de Marseille
82%
1953SO Montpellier
82%
1967Stade de Paris FC
82%
1986SC Bastia
81%
1995FC Sochaux-Montbéliard
79%
1946FC Sochaux-Montbéliard
79%
1988Le Havre AC
79%
2009Le Havre AC
79%
2010Grenoble Foot 38
78%
1994Angers SCO
75%
1981Angers SCO
75%
1970US Valenciennes-Anzin
72%
1993Nîmes Olympique
71%
1971CS Sedan-Ardennes
67%
1974CS Sedan-Ardennes
67%
2005FC Istres OP
61%
1998AS Cannes
59%
1949AS Cannes-Grasse
59%
2011AC Arles-Avignon
58%
1947FC Rouen
54%
1978FC Rouen
54%
1975Red Star FC
52%
1948Red Star OA
52%
1966Red Star OA
52%
1954FC Sète 34
49%
1965SC Toulon
49%
1955CO Roubaix-Tourcoing
44%
1990FC Mulhouse
36%
1983FC Mulhouse
36%
1996FC Martigues
34%
1976Olympique Avignonnais
25%
1958AS Béziers
22%
1972AS Angoulême
18%
1968AS Aixoise
13%
1951Stade Français FC
10%

Distribution des résultats

Percentile par nombre de réponses

% des personnes avec chaque résultat

Votre développement - résultats

Vous n’avez pas pris ce quiz